CAT Bonds: A Suitable Systemic Approach for Handling Catastrophic Risks in the Czech Republic?

Katastrofálne prírodné udalosti v Českej republike vždy spôsobovali značnú záťaž pre verejné financie. Toto riziko však možno preniesť na investorov na kapitálovom trhu prostredníctvom CAT dlhopisov, ktoré sa na tento účel v Českej republike nikdy nepoužili. Teoretické pozadie CAT dlhopisov. Prenese...

Ausführliche Beschreibung

Gespeichert in:
Bibliographische Detailangaben
1. Verfasser: Tisová, Petra
Weitere Verfasser: Ducháčková, Eva, Stádník, Bohumil
Format: Buchkapitel
Sprache:Englisch
Schlagworte:
Tags: Tag hinzufügen
Keine Tags, Fügen Sie das erste Tag hinzu!

MARC

LEADER 00000naa a2200000 4500
001 0298347
005 20240117104133.2
041 0 |a eng 
044 |a CZ 
245 1 0 |a CAT Bonds: A Suitable Systemic Approach for Handling Catastrophic Risks in the Czech Republic?  |c Petra Tisová, Eva Ducháčková, Bohumil Stádník 
520 |a Katastrofálne prírodné udalosti v Českej republike vždy spôsobovali značnú záťaž pre verejné financie. Toto riziko však možno preniesť na investorov na kapitálovom trhu prostredníctvom CAT dlhopisov, ktoré sa na tento účel v Českej republike nikdy nepoužili. Teoretické pozadie CAT dlhopisov. Prenesením rizika na kapitál investori mohli ušetriť značnú časť verejných prostriedkov Českej republiky. 
610 2 0 |a dlhopisy 
610 2 0 |a poistenie 
610 2 0 |a zaistenie 
610 2 0 |a výdavky 
610 2 0 |a výdavky štátne 
610 2 0 |a udalosti poistné 
610 2 0 |a riziko 
100 1 |a Tisová, Petra 
700 1 |a Ducháčková, Eva 
700 1 |a Stádník, Bohumil